[Event "DVM U14w 2020"]
[Site "Willingen GER"]
[Date "2021.06.27"]
[Round "7"]
[White "Jacobasch, Ronja"]
[Black "Lorenz, Veronika"]
[Result "1/2-1/2"]
[Termination "normal"]
[Board "3.1"]
[WhiteElo "1397"]
[BlackElo "1336"]
[WhiteClock "00:09:31"]
[BlackClock "00:43:51"]
[WhiteTeam "SSV Altenberg"]
[BlackTeam "TSG Oberschöneweide e.V."]
[PlyCount "123"]
[WhiteFideId "34604340"]
[BlackFideId "16277406"]
[EventCountry "GER"]
[EventRounds "7"]
[EventType "team-swiss"]
[EventDate "2021.06.23"]

1. Nf3 {[%clk 1:30:57]} 1... Nf6 {[%clk 1:30:33]} 2. g3 {[%clk 1:30:51]} 2...
d5 {[%clk 1:30:47]} 3. Bg2 {[%clk 1:31:07]} 3... c5 {[%clk 1:30:44]} 4. O-O {
[%clk 1:31:24]} 4... Nc6 {[%clk 1:30:41]} 5. d3 {[%clk 1:31:32]} 5... e6 {
[%clk 1:30:54]} 6. Nbd2 {[%clk 1:31:27]} 6... Be7 {[%clk 1:30:50]} 7. e4 {
[%clk 1:29:42]} 7... b6 {[%clk 1:30:27]} 8. Re1 {[%clk 1:21:09]} 8... Bb7 {
[%clk 1:30:31]} 9. exd5 {[%clk 1:21:05]} 9... exd5 {[%clk 1:30:23]} 10. Nb3 {
[%clk 1:12:01]} 10... O-O {[%clk 1:29:28]} 11. d4 {[%clk 1:09:27]} 11... a5 {
[%clk 1:21:05]} 12. c3 {[%clk 0:59:04]} 12... c4 {[%clk 1:12:36]} 13. Nbd2 {
[%clk 0:59:09]} 13... b5 {[%clk 1:11:46]} 14. Ne5 {[%clk 0:52:13]} 14... Nd7 {
[%clk 1:03:36]} 15. Nxc6 {[%clk 0:47:08]} 15... Bxc6 {[%clk 1:02:31]} 16. Nf3 {
[%clk 0:41:38]} 16... f6 {[%clk 1:00:56]} 17. Qe2 {[%clk 0:37:51]} 17... Rf7 {
[%clk 0:58:14]} 18. Qe6 {[%clk 0:33:21]} 18... Nb8 {[%clk 0:56:04]} 19. Nh4 {
[%clk 0:25:08]} 19... Qd7 {[%clk 0:55:06]} 20. Bh3 {[%clk 0:24:17]} 20... Bf8 {
[%clk 0:52:49]} 21. b3 {[%clk 0:18:03]} 21... Kh8 {[%clk 0:51:39]} 22. Bd2 {
[%clk 0:15:03]} 22... Qxe6 {[%clk 0:50:02]} 23. Bxe6 {[%clk 0:14:54]} 23... Re7
{[%clk 0:48:51]} 24. Nf5 {[%clk 0:14:27]} 24... Re8 {[%clk 0:48:32]} 25. Bf7 {
[%clk 0:13:15]} 25... Rxe1+ {[%clk 0:47:51]} 26. Rxe1 {[%clk 0:13:34]} 26...
Nd7 {[%clk 0:47:42]} 27. Ne7 {[%clk 0:12:19]} 27... Bxe7 {[%clk 0:45:53]} 28.
Rxe7 {[%clk 0:12:45]} 28... Nb6 {[%clk 0:44:07]} 29. Rc7 {[%clk 0:10:07]} 29...
Rc8 {[%clk 0:44:03]} 30. Bf4 {[%clk 0:10:03]} 30... cxb3 {[%clk 0:41:19]} 31.
axb3 {[%clk 0:09:50]} 31... a4 {[%clk 0:41:39]} 32. bxa4 {[%clk 0:09:28]} 32...
bxa4 {[%clk 0:42:03]} 33. Ra7 {[%clk 0:09:10]} 33... Ra8 {[%clk 0:41:39]} 34.
Re7 {[%clk 0:04:35]} 34... a3 {[%clk 0:41:18]} 35. Re1 {[%clk 0:04:57]} 35...
a2 {[%clk 0:39:14]} 36. Ra1 {[%clk 0:05:23]} 36... Nc4 {[%clk 0:38:22]} 37. Bh5
{[%clk 0:03:49]} 37... Ra3 {[%clk 0:35:47]} 38. Kf1 {[%clk 0:02:13]} 38... Bb5
{[%clk 0:32:24]} 39. Ke1 {[%clk 0:01:47]} 39... Nb6 {[%clk 0:31:41]} 40. Bc1 {
[%clk 0:00:51]} 40... Ra7 {[%clk 0:31:42]} 41. Bd1 {[%clk 0:26:16]} 41... Bc4 {
[%clk 1:01:44]} 42. Kd2 {[%clk 0:21:15]} 42... Kg8 {[%clk 0:56:30]} 43. Be2 {
[%clk 0:18:08]} 43... Kf7 {[%clk 0:49:40]} 44. Bxc4 {[%clk 0:18:07]} 44...
Nxc4+ {[%clk 0:49:54]} 45. Kc2 {[%clk 0:16:54]} 45... Ke6 {[%clk 0:49:49]} 46.
Kb3 {[%clk 0:16:46]} 46... Kf5 {[%clk 0:49:14]} 47. f3 {[%clk 0:16:31]} 47...
g5 {[%clk 0:48:18]} 48. g4+ {[%clk 0:16:06]} 48... Kg6 {[%clk 0:48:24]} 49.
Rxa2 {[%clk 0:16:20]} 49... Rxa2 {[%clk 0:48:41]} 50. Kxa2 {[%clk 0:16:49]}
50... f5 {[%clk 0:47:40]} 51. Kb3 {[%clk 0:16:03]} 51... f4 {[%clk 0:45:53]}
52. Kc2 {[%clk 0:15:14]} 52... Kf6 {[%clk 0:45:06]} 53. Kd3 {[%clk 0:14:17]}
53... Ke6 {[%clk 0:45:06]} 54. Ke2 {[%clk 0:12:16]} 54... Kf6 {[%clk 0:45:05]}
55. Kf2 {[%clk 0:11:37]} 55... Ke6 {[%clk 0:45:07]} 56. h4 {[%clk 0:11:14]}
56... h6 {[%clk 0:45:23]} 57. hxg5 {[%clk 0:11:05]} 57... hxg5 {[%clk 0:45:46]}
58. Ke2 {[%clk 0:11:19]} 58... Kf6 {[%clk 0:44:41]} 59. Kd3 {[%clk 0:11:35]}
59... Ke6 {[%clk 0:44:31]} 60. Kc2 {[%clk 0:11:35]} 60... Kf6 {[%clk 0:44:48]}
61. Kb3 {[%clk 0:11:38]} 61... Ke6 {[%clk 0:43:51]} 62. Kc2 { [%clk 0:09:31] 
Ke5} 1/2-1/2

[Event "DVM U14w 2020"]
[Site "Willingen GER"]
[Date "2021.06.27"]
[Round "7"]
[White "Arnold, Rubina"]
[Black "Glotz, Diana"]
[Result "1-0"]
[Termination "normal"]
[Board "3.2"]
[WhiteElo "1442"]
[BlackElo "1110"]
[WhiteClock "00:17:37"]
[BlackClock "01:12:27"]
[WhiteTeam "TSG Oberschöneweide e.V."]
[BlackTeam "SSV Altenberg"]
[PlyCount "119"]
[WhiteFideId "16276272"]
[BlackFideId "16278500"]
[EventCountry "GER"]
[EventRounds "7"]
[EventType "team-swiss"]
[EventDate "2021.06.23"]

1. e4 {[%clk 1:30:58]} 1... e5 {[%clk 1:30:52]} 2. Nf3 {[%clk 1:31:22]} 2...
Nc6 {[%clk 1:31:15]} 3. Bb5 {[%clk 1:31:36]} 3... a6 {[%clk 1:30:50]} 4. Ba4 {
[%clk 1:31:59]} 4... b5 {[%clk 1:31:09]} 5. Bb3 {[%clk 1:32:22]} 5... Bc5 {
[%clk 1:31:20]} 6. c3 {[%clk 1:32:27]} 6... d6 {[%clk 1:30:33]} 7. Qe2 { [%clk
1:32:30]} 7... Nf6 {[%clk 1:28:58]} 8. O-O {[%clk 1:32:17]} 8... O-O { [%clk
1:29:05]} 9. h3 {[%clk 1:32:21]} 9... Be6 {[%clk 1:29:13]} 10. Rd1 { [%clk
1:30:42]} 10... Qe7 {[%clk 1:27:56]} 11. d3 {[%clk 1:30:52]} 11... Rad8 { [%clk
1:27:15]} 12. d4 {[%clk 1:27:19]} 12... exd4 {[%clk 1:26:07]} 13. cxd4 { [%clk
1:27:23]} 13... Bxb3 {[%clk 1:26:28]} 14. axb3 {[%clk 1:27:12]} 14... Bb6
{[%clk 1:26:38]} 15. Nc3 {[%clk 1:20:19]} 15... Ra8 {[%clk 1:23:31]} 16. Bg5 {
[%clk 1:12:00]} 16... h6 {[%clk 1:22:04]} 17. Bh4 {[%clk 1:09:04]} 17... Kh8 {
[%clk 1:12:59]} 18. e5 {[%clk 1:01:20]} 18... Rfe8 {[%clk 1:11:03]} 19. Nd5 {
[%clk 0:50:50]} 19... Qd8 {[%clk 1:04:48]} 20. Nxf6 {[%clk 0:50:36]} 20... gxf6
{[%clk 1:03:59]} 21. Bxf6+ {[%clk 0:50:50]} 21... Qxf6 {[%clk 1:04:16]} 22.
exf6 {[%clk 0:49:02]} 22... Rxe2 {[%clk 1:04:34]} 23. Rac1 {[%clk 0:46:22]}
23... Na5 {[%clk 1:01:35]} 24. b4 {[%clk 0:44:47]} 24... Nb7 {[%clk 1:01:47]}
25. b3 {[%clk 0:40:45]} 25... a5 {[%clk 1:01:10]} 26. bxa5 {[%clk 0:38:44]}
26... Rxa5 {[%clk 1:01:23]} 27. Re1 {[%clk 0:35:12]} 27... Rxe1+ { [%clk
0:59:56]} 28. Rxe1 {[%clk 0:35:28]} 28... Ra8 {[%clk 1:00:20]} 29. Re7 { [%clk
0:33:25]} 29... Kg8 {[%clk 0:59:56]} 30. g4 {[%clk 0:29:25]} 30... Rf8 { [%clk
0:56:54]} 31. h4 {[%clk 0:25:32]} 31... Nd8 {[%clk 0:56:26]} 32. d5 { [%clk
0:25:36]} 32... Kh7 {[%clk 0:55:51]} 33. Kg2 {[%clk 0:21:56]} 33... Kg6 { [%clk
0:55:55]} 34. Re4 {[%clk 0:12:33]} 34... Kxf6 {[%clk 0:52:31]} 35. Rf4+ { [%clk
0:12:49]} 35... Kg6 {[%clk 0:52:25]} 36. h5+ {[%clk 0:12:24]} 36... Kg7 { [%clk
0:52:34]} 37. Nh4 {[%clk 0:10:55]} 37... f6 {[%clk 0:49:04]} 38. Nf5+ { [%clk
0:09:19]} 38... Kh7 {[%clk 0:49:12]} 39. Re4 {[%clk 0:08:13]} 39... Rf7 { [%clk
0:46:51]} 40. f4 {[%clk 0:02:15]} 40... Nb7 {[%clk 0:46:21]} 41. b4 { [%clk
0:01:03]} 41... Nd8 {[%clk 0:43:02]} 42. Re8 {[%clk 0:28:17]} 42... Nb7 { [%clk
1:13:15]} 43. Rb8 {[%clk 0:23:05]} 43... Rd7 {[%clk 1:13:20]} 44. Rf8 { [%clk
0:23:03]} 44... Rd8 {[%clk 1:11:09]} 45. Rxf6 {[%clk 0:23:22]} 45... Ra8 {[%clk
1:11:05]} 46. Rxh6+ {[%clk 0:22:30]} 46... Kg8 {[%clk 1:11:29]} 47. Rg6+ {[%clk
0:20:13]} 47... Kf7 {[%clk 1:11:46]} 48. Nh6+ {[%clk 0:20:09]} 48... Kf8 {[%clk
1:11:58]} 49. Rg8+ {[%clk 0:20:30]} 49... Ke7 {[%clk 1:10:49]} 50. Rxa8 {[%clk
0:20:16]} 50... Kf6 {[%clk 1:11:02]} 51. Rb8 {[%clk 0:20:26]} 51... Nc5 {[%clk
1:11:12]} 52. g5+ {[%clk 0:19:58]} 52... Kg7 {[%clk 1:11:28]} 53. Nf5+ { [%clk
0:18:55]} 53... Kf7 {[%clk 1:10:55]} 54. Nxd6+ {[%clk 0:17:04]} 54... cxd6
{[%clk 1:11:15]} 55. Rxb6 {[%clk 0:17:26]} 55... Ne4 {[%clk 1:11:26]} 56. Rxb5
{[%clk 0:17:29]} 56... Kg7 {[%clk 1:11:30]} 57. Rb7+ {[%clk 0:17:19]} 57... Kh8
{[%clk 1:11:55]} 58. h6 {[%clk 0:17:19]} 58... Nc3 {[%clk 1:12:07]} 59. g6
{[%clk 0:17:37]} 59... Nxd5 {[%clk 1:12:27]} 60. Rb8# 1-0

[Event "DVM U14w 2020"]
[Site "Willingen GER"]
[Date "2021.06.27"]
[Round "7"]
[White "Müller, Cosima"]
[Black "Fock, Madiha"]
[Result "0-1"]
[Termination "normal"]
[Board "3.3"]
[WhiteElo "1505"]
[BlackElo "1278"]
[WhiteClock "00:22:43"]
[BlackClock "00:12:17"]
[WhiteTeam "SSV Altenberg"]
[BlackTeam "TSG Oberschöneweide e.V."]
[PlyCount "99"]
[WhiteFideId "34601490"]
[BlackFideId "16253574"]
[EventCountry "GER"]
[EventRounds "7"]
[EventType "team-swiss"]
[EventDate "2021.06.23"]

1. e4 {[%clk 1:30:55]} 1... d5 {[%clk 1:30:55]} 2. exd5 {[%clk 1:31:20]} 2...
Qxd5 {[%clk 1:31:18]} 3. Nc3 {[%clk 1:31:44]} 3... Qa5 {[%clk 1:31:40]} 4. d4 {
[%clk 1:30:23]} 4... Nf6 {[%clk 1:31:34]} 5. Bd2 {[%clk 1:29:11]} 5... c6 {
[%clk 1:28:55]} 6. Nf3 {[%clk 1:27:25]} 6... Bf5 {[%clk 1:27:47]} 7. g3 { [%clk
1:25:04]} 7... Nbd7 {[%clk 1:25:33]} 8. Bg2 {[%clk 1:24:54]} 8... e6 { [%clk
1:25:11]} 9. O-O {[%clk 1:23:09]} 9... Qc7 {[%clk 1:20:36]} 10. Bf4 { [%clk
1:18:39]} 10... Bd6 {[%clk 1:20:02]} 11. Bxd6 {[%clk 1:18:27]} 11... Qxd6
{[%clk 1:20:22]} 12. Re1 {[%clk 1:18:30]} 12... O-O 13. Ne5 {[%clk 1:15:39]}
13... Nxe5 {[%clk 1:14:55]} 14. dxe5 {[%clk 1:15:53]} 14... Qxd1 { [%clk
1:15:16]} 15. Raxd1 {[%clk 1:16:18]} 15... Nd5 {[%clk 1:15:33]} 16. Nxd5 {[%clk
1:16:08]} 16... exd5 {[%clk 1:10:27]} 17. c3 {[%clk 1:15:17]} 17... Rfe8 {[%clk
1:09:21]} 18. f4 {[%clk 1:15:24]} 18... Re6 {[%clk 1:07:01]} 19. b4 { [%clk
1:14:37]} 19... a6 {[%clk 1:05:17]} 20. a4 {[%clk 1:14:06]} 20... b5 { [%clk
1:00:48]} 21. axb5 {[%clk 1:14:18]} 21... axb5 {[%clk 1:00:53]} 22. Ra1 { [%clk
1:14:36]} 22... Ra4 {[%clk 0:57:24]} 23. Rxa4 {[%clk 1:12:48]} 23... bxa4
{[%clk 0:57:38]} 24. b5 {[%clk 1:01:18]} 24... cxb5 {[%clk 0:53:43]} 25. Bxd5 {
[%clk 1:01:42]} 25... Rb6 26. Kf2 {[%clk 0:55:55]} 26... Be6 {[%clk 0:49:34]}
27. Rd1 {[%clk 0:54:55]} 27... Kf8 {[%clk 0:44:21]} 28. h4 {[%clk 0:50:51]}
28... Ke7 29. Ke3 29... a3 {[%clk 0:34:39]} 30. Bxe6 {[%clk 0:49:03]} 30...
Kxe6 {[%clk 0:35:00]} 31. Ra1 {[%clk 0:49:14]} 31... Ra6 {[%clk 0:34:42]} 32.
Kd4 {[%clk 0:43:30]} 32... Ra4+ {[%clk 0:34:07]} 33. Ke3 {[%clk 0:41:25]} 33...
g6 {[%clk 0:29:00]} 34. Kd2 {[%clk 0:33:53]} 34... Kd5 {[%clk 0:23:16]} 35. Kc2
{[%clk 0:33:53]} 35... h5 {[%clk 0:18:48]} 36. Ra2 {[%clk 0:33:45]} 36... Ra6 {
[%clk 0:18:55]} 37. Ra1 {[%clk 0:33:29]} 37... a2 {[%clk 0:17:40]} 38. Kb2 {
[%clk 0:30:51]} 38... Ra4 {[%clk 0:17:08]} 39. Kc2 {[%clk 0:30:02]} 39... b4 {
[%clk 0:16:24]} 40. cxb4 {[%clk 0:30:06]} 40... Kc4 {[%clk 0:16:43]} 41. b5 {
[%clk 0:30:06]} 41... Kxb5 {[%clk 0:16:43]} 42. Kb2 {[%clk 0:30:12]} 42... Kc4
{[%clk 0:14:32]} 43. Kc2 {[%clk 0:30:09]} 43... Ra3 {[%clk 0:14:45]} 44. Kb2 {
[%clk 0:29:38]} 44... Rxg3 {[%clk 0:12:52]} 45. Kxa2 {[%clk 0:25:32]} 45... Kd4
{[%clk 0:11:12]} 46. Rd1+ {[%clk 0:25:05]} 46... Rd3 {[%clk 0:11:37]} 47. Rf1 {
[%clk 0:25:08]} 47... Ke4 48. Kb2 {[%clk 0:22:20]} 48... Rf3 {[%clk 0:11:53]}
49. Rxf3 {[%clk 0:22:17]} 49... Kxf3 {[%clk 0:12:17]} 50. Kc3 {[%clk 0:22:43]}
0-1

[Event "DVM U14w 2020"]
[Site "Willingen GER"]
[Date "2021.06.27"]
[Round "7"]
[White "Leongardt, Adel"]
[Black "Eger, Nora"]
[Result "0-1"]
[Termination "normal"]
[Board "3.4"]
[WhiteElo "1157"]
[BlackElo "1104"]
[WhiteClock "01:33:02"]
[BlackClock "00:18:46"]
[WhiteTeam "TSG Oberschöneweide e.V."]
[BlackTeam "SSV Altenberg"]
[PlyCount "132"]
[WhiteFideId "16256549"]
[BlackFideId "34605827"]
[EventCountry "GER"]
[EventRounds "7"]
[EventType "team-swiss"]
[EventDate "2021.06.23"]

1. e4 {[%clk 1:30:57]} 1... d6 {[%clk 1:30:38]} 2. d4 {[%clk 1:31:16]} 2... Nf6
{[%clk 1:30:45]} 3. Bd3 {[%clk 1:30:58]} 3... g6 {[%clk 1:30:56]} 4. c3 { [%clk
1:31:09]} 4... Bg7 {[%clk 1:30:56]} 5. Bf4 {[%clk 1:31:16]} 5... O-O { [%clk
1:30:35]} 6. Nd2 {[%clk 1:31:19]} 6... Re8 {[%clk 1:30:26]} 7. Ngf3 { [%clk
1:30:43]} 7... Bg4 {[%clk 1:30:31]} 8. h3 {[%clk 1:30:53]} 8... Bxf3 { [%clk
1:30:33]} 9. Qxf3 {[%clk 1:31:14]} 9... c6 {[%clk 1:27:01]} 10. Qe3 { [%clk
1:31:27]} 10... Nbd7 {[%clk 1:26:34]} 11. Nf3 {[%clk 1:31:29]} 11... c5 { [%clk
1:24:44]} 12. Bh6 {[%clk 1:31:22]} 12... cxd4 {[%clk 1:24:21]} 13. cxd4 { [%clk
1:31:40]} 13... e5 {[%clk 1:23:17]} 14. Bxg7 {[%clk 1:31:14]} 14... Kxg7 {[%clk
1:23:20]} 15. O-O {[%clk 1:31:16]} 15... exd4 {[%clk 1:23:08]} 16. Qxd4 {[%clk
1:31:23]} 16... Qb6 {[%clk 1:21:28]} 17. Rfe1 {[%clk 1:30:29]} 17... Qxd4
{[%clk 1:21:23]} 18. Nxd4 {[%clk 1:30:50]} 18... Nc5 {[%clk 1:19:30]} 19. Re3
{[%clk 1:30:13]} 19... Nxd3 {[%clk 1:19:17]} 20. Rxd3 {[%clk 1:30:37]} 20...
Rxe4 {[%clk 1:17:53]} 21. Nb5 {[%clk 1:30:54]} 21... d5 {[%clk 1:13:14]} 22.
Nc3 {[%clk 1:30:52]} 22... Re5 {[%clk 1:07:05]} 23. Rad1 {[%clk 1:30:37]} 23...
Rd8 {[%clk 1:04:31]} 24. Rd4 {[%clk 1:23:33]} 24... Rde8 {[%clk 1:01:15]} 25.
Nxd5 {[%clk 1:22:44]} 25... Nxd5 {[%clk 1:00:37]} 26. Rxd5 {[%clk 1:23:03]}
26... Rxd5 {[%clk 1:00:58]} 27. Rxd5 {[%clk 1:23:29]} 27... Re1+ { [%clk
1:01:23]} 28. Kh2 {[%clk 1:23:53]} 28... Re2 {[%clk 1:01:45]} 29. Rd7 { [%clk
1:24:18]} 29... Rxb2 {[%clk 1:02:08]} 30. Kg3 {[%clk 1:24:42]} 30... a5 { [%clk
0:59:40]} 31. a4 {[%clk 1:24:56]} 31... b5 {[%clk 0:59:30]} 32. axb5 { [%clk
1:24:48]} 32... Rxb5 {[%clk 0:59:53]} 33. Ra7 {[%clk 1:25:14]} 33... Rb3+
{[%clk 0:59:50]} 34. Kf4 {[%clk 1:25:31]} 34... Ra3 {[%clk 0:57:25]} 35. Ke4 {
[%clk 1:25:47]} 35... Ra2 {[%clk 0:54:15]} 36. Ke3 {[%clk 1:25:57]} 36... a4 {
[%clk 0:53:49]} 37. g4 {[%clk 1:26:18]} 37... a3 {[%clk 0:44:53]} 38. Kd4 {
[%clk 1:26:12]} 38... Ra1 {[%clk 0:42:54]} 39. Kc3 {[%clk 1:26:24]} 39... Rc1+
{[%clk 0:41:34]} 40. Kb4 {[%clk 1:26:01]} 40... Rb1+ {[%clk 0:40:27]} 41. Kc3 {
[%clk 1:26:16]} 41... Rh1 {[%clk 0:37:05]} 42. Rxa3 {[%clk 1:26:09]} 42...
Rxh3+ {[%clk 0:37:28]} 43. Kb4 {[%clk 1:26:37]} 43... Rxa3 {[%clk 0:37:35]} 44.
Kxa3 {[%clk 1:26:59]} 44... Kf6 {[%clk 0:37:47]} 45. Kb4 {[%clk 1:27:08]} 45...
Kg5 {[%clk 0:36:43]} 46. Kc5 {[%clk 1:27:32]} 46... Kxg4 {[%clk 0:36:26]} 47.
Kd6 {[%clk 1:27:51]} 47... f5 {[%clk 0:36:43]} 48. Ke5 {[%clk 1:27:59]} 48...
Kf3 {[%clk 0:34:13]} 49. Kf6 {[%clk 1:28:05]} 49... Kxf2 {[%clk 0:31:58]} 50.
Kg5 {[%clk 1:28:23]} 50... h5 {[%clk 0:31:48]} 51. Kh4 {[%clk 1:28:42]} 51...
f4 {[%clk 0:29:33]} 52. Kh3 {[%clk 1:28:46]} 52... Kg1 {[%clk 0:23:01]} 53. Kh4
{[%clk 1:29:00]} 53... Kg2 {[%clk 0:20:06]} 54. Kg5 {[%clk 1:29:19]} 54... Kg3
{[%clk 0:17:54]} 55. Kxg6 {[%clk 1:29:42]} 55... h4 {[%clk 0:17:46]} 56. Kg5 {
[%clk 1:29:53]} 56... h3 {[%clk 0:17:23]} 57. Kf5 {[%clk 1:30:04]} 57... h2 {
[%clk 0:17:47]} 58. Ke6 {[%clk 1:30:30]} 58... h1=Q {[%clk 0:17:50]} 59. Kd7 {
[%clk 1:30:53]} 59... Qe1 {[%clk 0:17:28]} 60. Kc6 {[%clk 1:31:18]} 60... f3 {
[%clk 0:17:45]} 61. Kb5 {[%clk 1:31:20]} 61... f2 {[%clk 0:17:45]} 62. Ka4 {
[%clk 1:31:30]} 62... f1=R {[%clk 0:17:37]} 63. Kb3 {[%clk 1:31:55]} 63... Qc1
{[%clk 0:17:43]} 64. Ka2 {[%clk 1:32:11]} 64... Rf2+ {[%clk 0:18:01]} 65. Kb3 {
[%clk 1:32:35]} 65... Rb2+ {[%clk 0:18:20]} 66. Ka3 {[%clk 1:33:02]} 66... Qa1#
{[%clk 0:18:46]} 0-1

[Event "DVM U14w 2020"]
[Site "Willingen GER"]
[Date "2021.06.27"]
[Round "7"]
[White "Zhou, Lepu Coco"]
[Black "Moldovan, Tatiana"]
[Result "1-0"]
[Termination "normal"]
[Board "4.1"]
[WhiteElo "1905"]
[BlackElo "1430"]
[WhiteClock "00:53:37"]
[BlackClock "00:45:42"]
[WhiteTeam "SC Weisse Dame e.V."]
[BlackTeam "SG Königskinder Hohentübingen e.V."]
[PlyCount "73"]
[WhiteFideId "16217136"]
[BlackFideId "16287398"]
[EventCountry "GER"]
[EventRounds "7"]
[EventType "team-swiss"]
[EventDate "2021.06.23"]

1. e4 {[%clk 1:30:56]} 1... c5 {[%clk 1:29:41]} 2. Nf3 {[%clk 1:30:55]} 2... a6
{[%clk 1:27:39]} 3. c4 {[%clk 1:31:15]} 3... b6 {[%clk 1:26:57]} 4. Nc3 { [%clk
1:31:38]} 4... e6 {[%clk 1:27:12]} 5. Be2 {[%clk 1:31:00]} 5... Bb7 { [%clk
1:27:20]} 6. O-O {[%clk 1:31:00]} 6... Qc7 {[%clk 1:27:27]} 7. d4 { [%clk
1:31:00]} 7... cxd4 {[%clk 1:27:40]} 8. Nxd4 {[%clk 1:31:18]} 8... Nf6 { [%clk
1:27:58]} 9. Qd3 {[%clk 1:25:12]} 9... Nc6 {[%clk 1:24:30]} 10. Nxc6 { [%clk
1:18:44]} 10... Bxc6 {[%clk 1:23:38]} 11. Be3 {[%clk 1:18:53]} 11... Bc5 {[%clk
1:23:23]} 12. Bxc5 {[%clk 1:15:59]} 12... bxc5 {[%clk 1:21:34]} 13. Qe3 {[%clk
1:15:58]} 13... d6 {[%clk 1:21:36]} 14. e5 {[%clk 1:14:27]} 14... Nd7 { [%clk
1:21:16]} 15. exd6 {[%clk 1:14:37]} 15... Qxd6 {[%clk 1:21:22]} 16. Bf3 { [%clk
1:13:01]} 16... Bxf3 {[%clk 1:21:20]} 17. Qxf3 {[%clk 1:13:24]} 17... O-O
{[%clk 1:21:25]} 18. Rfd1 {[%clk 1:13:01]} 18... Qc7 {[%clk 1:21:17]} 19. Ne4 {
[%clk 1:12:41]} 19... Rfd8 {[%clk 1:16:21]} 20. h4 {[%clk 1:04:58]} 20... h6 {
[%clk 1:10:20]} 21. Qe3 {[%clk 1:01:52]} 21... Rac8 {[%clk 1:08:06]} 22. b3 {
[%clk 0:57:12]} 22... Qe5 {[%clk 0:58:12]} 23. f4 {[%clk 0:55:52]} 23... Qb2 {
[%clk 0:53:40]} 24. Qd2 {[%clk 0:55:20]} 24... Qa3 {[%clk 0:52:39]} 25. Nd6 {
[%clk 0:54:35]} 25... Rb8 {[%clk 0:52:15]} 26. f5 {[%clk 0:54:30]} 26... Nf6 {
[%clk 0:50:45]} 27. fxe6 {[%clk 0:54:16]} 27... fxe6 {[%clk 0:50:50]} 28. Qe2 {
[%clk 0:54:19]} 28... Rf8 {[%clk 0:49:20]} 29. Qxe6+ {[%clk 0:54:35]} 29... Kh7
{[%clk 0:49:30]} 30. Qf5+ {[%clk 0:52:11]} 30... Kh8 {[%clk 0:48:26]} 31. Qg6 {
[%clk 0:52:07]} 31... Ne8 {[%clk 0:47:49]} 32. Nf7+ {[%clk 0:52:21]} 32... Kg8
{[%clk 0:48:03]} 33. Nxh6+ {[%clk 0:52:41]} 33... Kh8 {[%clk 0:48:29]} 34. Nf7+
{[%clk 0:52:39]} 34... Kg8 {[%clk 0:48:52]} 35. Ng5 {[%clk 0:53:02]} 35... Nf6
{[%clk 0:48:02]} 36. Rd7 {[%clk 0:53:17]} 36... Nxd7 {[%clk 0:45:42]} 37. Qh7#
{[%clk 0:53:37]} 1-0

[Event "DVM U14w 2020"]
[Site "Willingen GER"]
[Date "2021.06.27"]
[Round "7"]
[White "Moldovan, Stela"]
[Black "Schmidt, Luise"]
[Result "0-1"]
[Termination "normal"]
[Board "4.2"]
[WhiteElo "1336"]
[BlackElo "1390"]
[WhiteClock "00:42:10"]
[BlackClock "00:07:12"]
[WhiteTeam "SG Königskinder Hohentübingen e.V."]
[BlackTeam "SC Weisse Dame e.V."]
[PlyCount "66"]
[WhiteFideId "16287380"]
[BlackFideId "16294475"]
[EventCountry "GER"]
[EventRounds "7"]
[EventType "team-swiss"]
[EventDate "2021.06.23"]

1. d4 {[%clk 1:29:35]} 1... Nf6 {[%clk 1:30:34]} 2. Nf3 {[%clk 1:29:34]} 2...
g6 {[%clk 1:30:48]} 3. Nc3 {[%clk 1:29:53]} 3... Bg7 {[%clk 1:31:01]} 4. e4 {
[%clk 1:30:14]} 4... d6 {[%clk 1:31:25]} 5. Be3 {[%clk 1:29:57]} 5... O-O {
[%clk 1:30:46]} 6. Qd2 {[%clk 1:30:18]} 6... Nbd7 {[%clk 1:30:49]} 7. Bh6 {
[%clk 1:30:15]} 7... e5 {[%clk 1:29:12]} 8. Be2 {[%clk 1:29:58]} 8... Re8 {
[%clk 1:15:18]} 9. Bxg7 {[%clk 1:26:42]} 9... Kxg7 {[%clk 1:15:30]} 10. O-O-O {
[%clk 1:24:20]} 10... a6 {[%clk 1:11:48]} 11. dxe5 {[%clk 1:22:43]} 11... dxe5
{[%clk 1:08:14]} 12. h4 {[%clk 1:22:25]} 12... c6 {[%clk 1:03:55]} 13. Na4 {
[%clk 1:15:33]} 13... Qe7 {[%clk 0:56:29]} 14. Nh2 {[%clk 1:12:33]} 14... Nxe4
{[%clk 0:50:54]} 15. Qe3 {[%clk 1:08:50]} 15... Nef6 {[%clk 0:43:19]} 16. g4 {
[%clk 1:06:11]} 16... b5 {[%clk 0:34:00]} 17. Nc3 {[%clk 0:58:54]} 17... Qc5 {
[%clk 0:27:42]} 18. Qg3 {[%clk 0:51:09]} 18... Nb6 {[%clk 0:24:57]} 19. g5 {
[%clk 0:48:50]} 19... Nfd5 {[%clk 0:24:20]} 20. Ne4 {[%clk 0:46:38]} 20... Nf4
{[%clk 0:16:23]} 21. Qxf4 {[%clk 0:44:56]} 21... exf4 {[%clk 0:16:24]} 22. Nxc5
{[%clk 0:45:01]} 22... Rxe2 {[%clk 0:16:30]} 23. f3 {[%clk 0:44:37]} 23... Bf5
{[%clk 0:15:18]} 24. Rd2 {[%clk 0:43:46]} 24... Rxd2 {[%clk 0:15:28]} 25. Kxd2
{[%clk 0:44:10]} 25... Nc4+ {[%clk 0:15:27]} 26. Kc3 {[%clk 0:44:16]} 26... Ne3
{[%clk 0:14:59]} 27. Nd3 {[%clk 0:44:10]} 27... Rd8 {[%clk 0:14:30]} 28. Nf1 {
[%clk 0:43:33]} 28... Bxd3 {[%clk 0:08:17]} 29. cxd3 {[%clk 0:43:44]} 29...
Nd5+ {[%clk 0:08:10]} 30. Kd4 {[%clk 0:42:41]} 30... Nb4+ {[%clk 0:07:28]} 31.
Ke4 {[%clk 0:42:14]} 31... Nxd3 {[%clk 0:07:30]} 32. Rh2 {[%clk 0:42:28]} 32...
c5 {[%clk 0:07:03]} 33. Rd2 {[%clk 0:42:10]} 33... Rd4# {[%clk 0:07:12]} 0-1